Statistics for Maclean's Top Canadian Universities on the Map

Click here to take the quiz!

General Stats

  • This quiz has been taken 89 times
  • The average score is 24 of 49

Answers on the Map

Answers color-coded by a green-red scale on the quiz's map according to % correct below.
 

Answer Stats

Rank# studentsUniversity% Correct
164 kUniversity of Toronto
100%
266 kUniversity of British Columbia
89%
1031 kUniversity of Calgary
87%
867 kUniversité de Montréal
83%
1541 kUniversity of Ottawa
83%
1421 kUniversity of Victoria
83%
440 kMcGill University
80%
640 kUniversity of Alberta
78%
2125 kUniversity of Saskatchewan
72%
409.6 kUniversity of Winnipeg
72%
2430 kUniversity of Manitoba
70%
3716 kUniversity of Windsor
70%
731 kQueen's University at Kingston
66%
289.6 kUniversity of New Brunswick
66%
940 kWestern University
63%
1320 kDalhousie University
62%
531 kMcMaster University
61%
342 kUniversity of Waterloo
61%
1134 kSimon Fraser University
58%
1243 kUniversité Laval
58%
1855 kYork University
58%
2047 kRyerson University
51%
1729 kUniversity of Guelph
51%
2519 kMemorial University of Newfoundland
49%
2232 kCarleton University
47%
344.6 KUniversity of Prince Edward Island
45%
435.0 kUniversité de Moncton
42%
1646 kConcordia University
41%
2919 kBrock University
39%
1940 kUniversité de Sherbrooke
39%
2320 kWilfrid Laurier University
39%
368.9 kUniversity of Lethbridge
36%
304.5 kAcadia University
34%
464.4 kCape Breton University
32%
498.1 kLaurentian University
32%
413.5 kUniversity of Northern British Columbia
32%
426.7 kLakehead University
29%
453.3 kBrandon University
28%
313.8 kSt. Francis Xavier University
28%
2643 kUniversité du Québec à Montréal
28%
3211 kTrent University
26%
332.3 kMount Allison University
25%
382.8 kBishop's University
24%
396.3 KSaint Mary's University
24%
475.1 kNipissing University
21%
2716 kUniversity of Regina
20%
3511 kOntario Tech University
14%
482.0 kSt. Thomas University
13%
444.4 kMount Saint Vincent University
11%

Score Distribution

Percentile by Number Answered

Percent of People with Each Score

Your Score History

You have not taken this quiz